000
00324pab a2200145 454500
008
180718b1987 xxu||||| |||| 00| 0 eng d
100
_a
Rao, T.V.
245
_a
Theorisations on leadership
260
_c
1987
300
_a
12-15
362
_a
July
650
_a
Leadership
773
_a
Indian Management
909
_a
12386
999
_c
12386
_d
12386